000 00579nam a2200217 i 4500
001 bg
100 1 _aWĘGLIŃSKA, Maria
245 1 0 _aJak pisać pracę magisterską? :
_bporadnik dla studentów /
_cMaria Węglińska.
260 _aKraków :
_bOficyna Wydawnicza "Impuls",
_c2005.
300 _a127, [1] s. ;
_c21 cm.
504 _aBibliogr.
650 9 _aPrace dyplomowe
655 _aPoradniki
020 _a8373085491
040 _cBPK
041 0 _apol
080 _a378.22
920 _a83-7308-549-1
942 _cKS
008 s pl f |000 0 pol
999 _c53698
_d53698
856 _uhttp://koha.tu.koszalin.pl/cgi-bin/koha/opac-detail.pl?biblionumber=53698
_yKatalog online BPK